Olympic Games Host Cities - Statistics

General Stats
  • This quiz has been taken 101 times
  • The average score is 30 of 35
Answer Stats
Year City % Correct
1900 Paris
99%
1924 Paris
99%
2024 Paris
99%
1896 Athens
96%
2004 Athens
96%
1908 London
95%
1944 London
95%
1948 London
95%
2012 London
95%
2016 Rio De Janeiro
95%
1940 Tokyo
95%
1964 Tokyo
95%
2020 Tokyo
95%
1916 Berlin
94%
1936 Berlin
94%
2008 Beijing
93%
1932 Los Angeles
93%
1984 Los Angeles
93%
2028 Los Angeles
93%
1992 Barcelona
89%
1980 Moscow
89%
1960 Rome
87%
2000 Sydney
86%
1968 Mexico City
84%
1988 Seoul
80%
1972 Munich
76%
1912 Stockholm
76%
1996 Atlanta
73%
1928 Amsterdam
67%
1976 Montreal
66%
1952 Helsinki
65%
1956 Melbourne
61%
1920 Antwerp
57%
1904 St Louis
51%
2032 Brisbane
48%
No matching quizzes found
Score Distribution
Percent of People with Each Score
Percentile by Number Answered
Your Score History
You have not taken this quiz